00747nam a2200229Ia 4500003000900000008004100009020001800050040001600068080001600084100002400100245006300124250001700187260003900204300001000243490005100253650004100304650001400345650001900359942000700378999001500385952011700400IN-BaIIA211028s9999 xx 000 0 eng d a0-486-20925-3 cIIA Library a524.83bSIN aSingh, Jagjit95690 0aGreat ideas and theories of modern cosmologycJagjit Singh a2nd rev. ed. aNew YorkbDover Publicationsc1970 a416p. aDover books explaining science and mathematics aAstronomy and astrophysics thesaurus aCosmology aUniverse91987 cBK c3984d3984 00104070aBANbBANcGENd1972-08-10g16.88l0o524.83/ SINp4446r2021-11-05v16.88w1972-08-10yBKGRs. 16.88